Die Bearbeitung von Fällen häuslicher Gewalt im Täter-Opfer-Ausgleich

Gespeichert in:  
Bibliographische Detailangaben
1. VerfasserIn: Bals, Nadine (Verfasst von)
Medienart: Druck Aufsatz
Sprache:Deutsch
Veröffentlicht: 2012
In: Polizei & Wissenschaft
Jahr: 2012, Band: 13, Heft: 4, Seiten: 68-85
Verfügbarkeit prüfen: HBZ Gateway
Schlagwörter:

MARC

LEADER 00000caa a2200000 c 4500
001 1631303554
003 DE-627
005 20250120173155.0
007 tu
008 130228s2012 xx ||||| 00| ||ger c
035 |a (DE-627)1631303554 
035 |a (DE-576)379515490 
035 |a (DE-599)BSZ379515490 
040 |a DE-627  |b ger  |c DE-627  |e rakwb 
041 |a ger 
100 1 |a Bals, Nadine  |4 aut 
245 1 4 |a Die Bearbeitung von Fällen häuslicher Gewalt im Täter-Opfer-Ausgleich  |c Nadine Bals 
264 1 |c 2012 
336 |a Text  |b txt  |2 rdacontent 
337 |a ohne Hilfsmittel zu benutzen  |b n  |2 rdamedia 
338 |a Band  |b nc  |2 rdacarrier 
773 0 8 |i In  |t Polizei & Wissenschaft  |d Frankfurt, M. : Verl. für Polizeiwiss., 2000  |g 13(2012), 4, Seite 68-85  |w (DE-627)320620433  |w (DE-600)2022590-8  |w (DE-576)091170788  |x 1439-7404  |7 nnas 
773 1 8 |g volume:13  |g year:2012  |g number:4  |g pages:68-85 
889 |w (DE-627)736736182 
935 |i mdedup 
951 |a AR 
ELC |b 1 
LOK |0 000 xxxxxcx a22 zn 4500 
LOK |0 001 3281894798 
LOK |0 003 DE-627 
LOK |0 004 1631303554 
LOK |0 005 20250407155714 
LOK |0 008 130228||||||||||||||||ger||||||| 
LOK |0 040   |a DE-21-110  |c DE-627  |d DE-21-110 
LOK |0 689   |a s  |a Häusliche Gewalt 
LOK |0 689   |a s  |a Täter-Opfer-Ausgleich 
LOK |0 689   |a s  |a Effizienz 
LOK |0 852   |a DE-21-110 
LOK |0 852 1  |m p  |9 00 
LOK |0 938   |k p 
LOK |0 939   |a 28-02-13  |b l01 
ORI |a SA-MARC-krimdoka001.raw